000 00792nam a2200229Ia 4500
003 GCL
008 140319s9999 xx 000 0 ara d
020 _a9805723977
040 _aGCL /
_cGCL
082 0 4 _a155.4
_bم ا
100 1 _aمحمد احمد عبدالهادى
245 1 0 _aاثر البيئة والتلوث على ذكاء وابداع الاطفال /
_cمحمد احمد عبدالهادى
250 _aالاولى
260 _aالقاهرة :
_bايتراك للنشر والتوزيع ،
_c2003
300 _a293 ص ؛
_c24 سم
650 0 4 _aالذكاء
650 0 4 _aالابداع
650 0 4 _aالاطفال - امراض - علم نفس
650 0 4 _aالاطفال - رعاية ذهنية
650 0 4 _aالاطفال، علم نفس
942 _2ddc
_cBK
999 _c5589
_d5589